书目信息 |
| 题名: |
智慧港口概论
|
|
| 作者: | 宓为建 编著 | |
| 分册: | ||
| 出版信息: | 上海 上海科学技术出版社 2020 |
|
| 页数: | 161页 | |
| 开本: | 26cm | |
| 丛书名: | 智能港口物流丛书 | |
| 单 册: | ||
| 中图分类: | U65-39 , U65 | |
| 科图分类: | ||
| 主题词: | 港口建设--gang kou jian she--信息化建设--研究 | |
| 电子资源: | ||
| ISBN: | 978-7-5478-5081-7 | |
| 000 | 01354nam 2200277 450 | |
| 001 | 2148824790 | |
| 005 | 20211113133037.67 | |
| 010 | @a978-7-5478-5081-7@dCNY58.00 | |
| 100 | @a20201125d2020 em y0chiy50 ea | |
| 101 | 0 | @achi |
| 102 | @aCN@b310000 | |
| 105 | @aa a 000yy | |
| 200 | 1 | @a智慧港口概论@Azhi hui gang kou gai lun@f宓为建编著 |
| 210 | @a上海@c上海科学技术出版社@d2020 | |
| 215 | @a161页@c图@d26cm | |
| 225 | 2 | @a智能港口物流丛书@Azhi neng gang kou wu liu cong shu |
| 300 | @a“十三五”国家重点图书出版规划项目 | |
| 320 | @a有书目 | |
| 330 | @a本书围绕智慧港口创新、协调、绿色、开放、共享的发展理念和生态形成,介绍了智慧港口发端、成长的内在发展逻辑及其历史过程,指出智慧港口是为现代物流业提供高安全、高效率和高品质服务的新型生态港口,提出了智慧港口生态体系的概念,指出了智慧港口生态体系的本质是创新,也是保障智慧港口可持续良好发展的前提和基础。在此基础上,全书从概念描述、发展现状和应用实例三个方面,介绍了目前智慧港口建设中最主要的支撑技术,包括信息物理系统、数字中台、区块链、人工智能、机器视觉、AR/VR技术、仿真预演分析、数字化监测诊断等技术。最后展望了未来智慧港口的发展愿景与目标。 | |
| 410 | 0 | @12001 @a智能港口物流丛书 |
| 606 | 0 | @a港口建设@Agang kou jian she@x信息化建设@x研究 |
| 690 | @aU65-39@v5 | |
| 690 | @aU65@v4 | |
| 701 | 0 | @a宓为建@Ami wei jian@4编著 |
| 801 | 0 | @aCN@bBP@c20201125 |
| 905 | @aZUCC@dU65@e8 | |
| 智慧港口概论/宓为建编著.-上海:上海科学技术出版社,2020 |
| 161页:图;26cm.-(智能港口物流丛书) |
| “十三五”国家重点图书出版规划项目 |
| ISBN 978-7-5478-5081-7:CNY58.00 |
| 本书围绕智慧港口创新、协调、绿色、开放、共享的发展理念和生态形成,介绍了智慧港口发端、成长的内在发展逻辑及其历史过程,指出智慧港口是为现代物流业提供高安全、高效率和高品质服务的新型生态港口,提出了智慧港口生态体系的概念,指出了智慧港口生态体系的本质是创新,也是保障智慧港口可持续良好发展的前提和基础。在此基础上,全书从概念描述、发展现状和应用实例三个方面,介绍了目前智慧港口建设中最主要的支撑技术,包括信息物理系统、数字中台、区块链、人工智能、机器视觉、AR/VR技术、仿真预演分析、数字化监测诊断等技术。最后展望了未来智慧港口的发展愿景与目标。 |
| ● |
| 相关链接 |
|
|
|
正题名:智慧港口概论
索取号:U65/8
 
预约/预借
| 序号 | 登录号 | 条形码 | 馆藏地/架位号 | 状态 | 备注 |
| 1 | 2000883394 | 2000883394 | 第三书库/ [索取号:U65/8] | 在馆 | |
| 2 | 2000883395 | 2000883395 | 第三书库/ [索取号:U65/8] | 在馆 | |
| 3 | 2000883396 | 2000883396 | 第三书库/ [索取号:U65/8] | 在馆 |